| 000 | 00678nam a2200193Ia 4500 | ||
|---|---|---|---|
| 008 | 151121s9999||||xx |||||||||||||| ||und|| | ||
| 082 | _a781/सक्सेना | ||
| 082 | _bHNW-58508 | ||
| 100 | _aसक्सेना म। ना | ||
| 245 | _aसंगीत शास्त्र भाग-2 | ||
| 260 | _b"खरे म। प्र।, उपरहटी रीवा।" | ||
| 260 | _c-- | ||
| 300 | _a188 | ||
| 600 | _aसक्सेना म। ना | ||
| 630 | _aसंगीत शास्त्र भाग-2 | ||
| 700 | _aसक्सेना म। ना | ||
| 730 | _aसंगीत शास्त्र भाग-2 | ||
| 942 | _cBOOK | ||
| 999 |
_c1240330 _d1240327 |
||